| 000 | 00485nam a2200157Ia 4500 | ||
|---|---|---|---|
| 008 | 210716s2013 xx 000 0 und d | ||
| 020 | _a9788126540891 | ||
| 041 | _aeng | ||
| 082 | _a621.3821 LEEW | ||
| 100 | _aLee, Wei Meng. | ||
| 245 |
_aAndroid application development cookbook: 93 recipes for building winning apps. _b93 recipes for building winning apps. |
||
| 250 | _a1 | ||
| 260 |
_aNew Delhi _bWILEY _c2013 |
||
| 300 | _axxi,385 | ||
| 650 | _aCommunication Network(621.3821) | ||
| 999 |
_c194933 _d194933 |
||